Quick Pick: US Governors II Quiz Stats

 Plays Quiz not verified by Sporcle

Score 0/10 Timer 01:00
0 Plays Today
% Correct
Christie, Chris
92.4%
Perry, Rick
87%
Ventura, Jesse
86.3%
Reagan, Ronald
86.3%
Romney, George
84.7%
Roosevelt, Theodore
76.3%
Paterson, David
75.6%
Hunt, Jim
74%
Edwards, Edwin
65.6%
Tyler, John
59.5%

You're not logged in!

Compare scores with friends on all Sporcle quizzes.
OR
Log In

Show Comments

Extras

Top Quizzes Today


Score Distribution

Your Account Isn't Verified!

In order to create a playlist on Sporcle, you need to verify the email address you used during registration. Go to your Sporcle Settings to finish the process.

Report this User

Report this user for behavior that violates our Community Guidelines.

Details: